000 00886nam a2200265 a 4500
001 BRL_1880
005 20190320211419.0
008 120815s1977----mx-ab#####---#000-0#spa-#
041 _aspa
044 _amx
050 4 _aF1220
_b.P37 1977
100 1 _aPaso y Troncoso, Francisco del
_d1842-1916
_926919
245 1 0 _aLas guerras con las tribus Yaqui y Mayo
_bFrancisco P. Troncoso.
250 _aEdición fascimilar
260 _aMéxico
_bInstituto Nacional Indigenista
_c1977
300 _axv, 342, ix p.
_bil., mapas
_c21 cm.
440 0 _aColección INI
_pClásicos de la antropología mexicana
_v3
_928118
500 _aAu2055
650 1 4 _aMayos
_xTenencia de la tierra
_928119
650 1 4 _aYaquis
_xTenencia de la tierra
_928120
650 1 4 _aIndígenas de México
_zSonora (Estado)
_928121
651 4 _aMéxico
_xHistoria militar
_95587
902 _aGRL
942 _2lcc
_cB
999 _c10688
_d10688